Queen: Albums by Cover - Statistics

General Stats
  • This quiz has been taken 95 times
  • The average score is 11 of 15
Answer Stats
Picture Hint Answer % Correct
1973 Queen
94%
1975 A Night at the Opera
92%
1974 Queen II
90%
1978 Jazz
86%
1974 Sheer Heart Attack
85%
1976 A Day at the Races
80%
1977 News of the World
75%
1986 A Kind of Magic
69%
1984 The Works
69%
1991 Innuendo
68%
1980 Flash Gordon
66%
1980 The Game
66%
1982 Hot Space
59%
1995 Made in Heaven
55%
1989 The Miracle
55%
No matching quizzes found
Score Distribution
Percent of People with Each Score
Percentile by Number Answered
Your Score History
You have not taken this quiz